Marxismo, antropología y religión /

Compilación de cuatro ensayos de intelectuales frenceses -Maurice Godelier, Clara Dan, Nöel Moulod, M. Caveing que reflexionan sobre la epistemología y el materialismo histórico.

Shranjeno v:
Bibliografske podrobnosti
Glavni avtor: Godelier, Maurice (autor)
Format: Knjiga
Jezik:španščina
Izdano: México : Roca, 1974, c1974
Serija:(Colección R. Segunda Serie ; 37)
Teme:
Oznake: Označite
Brez oznak, prvi označite!

MARC

LEADER 00000nam^a2200000^a^4500
001 000181986
005 20250521000000.0
009 20260310101950.522
037 |a Acervo ITESO - Biblioteca 
041 |a ESP 
082 |a 121.  |b MAR 
100 |a Godelier, Maurice  |e (autor) 
245 1 0 |a Marxismo, antropología y religión /  |c M. Godelier... [et al.] ; tr. por José Sandoval. 
264 4 |a México :  |b Roca,  |c 1974, c1974 
300 |a 159 p. 
336 |a texto  |b txt  |2 rdacontenido 
337 |a sin mediación  |b n  |2 rdamedio 
338 |a volumen  |b nc  |2 rdasoporte 
440 1 |a (Colección R.  |p Segunda Serie ;  |v 37) 
520 |a Compilación de cuatro ensayos de intelectuales frenceses -Maurice Godelier, Clara Dan, Nöel Moulod, M. Caveing que reflexionan sobre la epistemología y el materialismo histórico. 
649 |a XX 
650 |a Religión -  |x Filosofía 
650 |a Epistemología 
650 |a Empirismo 
650 |a Antropología 
650 |a Conocimiento 
650 |a Método Científico 
650 |a Filosofía Analítica 
650 |a Lingüística 
650 |a Positivismo Lógico 
650 |a Materialismo Histórico y Dialéctico 
650 |a Marxismo 
650 |a Filosofía del Siglo XX 
910 |a Fondo Armando Suárez Gómez 
920 |a Impresos - Libros 
930 |a Fondos Especiales 
905 |a 111 
901 |a 0700000172  |b IT2  |c ESP  |u 20250521 
902 |a https://opac.biblio.iteso.mx/vufind/Record/000181986